| 000 | 00638nam a2200229 a 4500 | ||
|---|---|---|---|
| 003 | AR-BaBNM | ||
| 005 | 20251128203132.0 | ||
| 008 | 082120s2002 ||||||||||||||000 | spa|| | ||
| 040 | _cAR-BaBNM | ||
| 245 | 0 | 0 | _aDramaturgos post-románticos |
| 260 |
_aBuenos Aires _bMinisterio de Cultura y Educación de la Nación _bMinisterio de Cultura y Educación _c1970 |
||
| 300 | _a201 p. | ||
| 650 | 4 | _aROMANTICISMO | |
| 650 | 4 | _aANTOLOGIAS | |
| 650 | 4 | _aTEATRO POPULAR | |
| 650 | 4 | _aTEATRO ARGENTINO | |
| 653 | _aLITERATURA GAUCHESCA | ||
| 655 | _aLITERATURA | ||
| 700 | 1 |
_aMazzei, Angel _ecompilador |
|
| 942 | _cBK | ||
| 998 | _cMARTIN | ||
| 999 |
_c2064 _d2064 |
||